Daughter of the East : (Record no. 886)
[ view plain ]
| 000 -LEADER | |
|---|---|
| fixed length control field | 00683nam a22002172 4500 |
| 001 - CONTROL NUMBER | |
| control field | 0000012740 |
| 005 - DATE AND TIME OF LATEST TRANSACTION | |
| control field | 20151021151123.0 |
| 008 - FIXED-LENGTH DATA ELEMENTS--GENERAL INFORMATION | |
| fixed length control field | 090317s xx 000 0 eng d |
| 020 ## - INTERNATIONAL STANDARD BOOK NUMBER | |
| International Standard Book Number | 1847390851 : |
| 040 ## - CATALOGING SOURCE | |
| Original cataloging agency | KABU |
| Transcribing agency | KABU |
| 100 1# - MAIN ENTRY--PERSONAL NAME | |
| Personal name | Bhutto, Benazir. |
| -- | 0000052056 |
| 245 10 - TITLE STATEMENT | |
| Title | Daughter of the East : |
| Remainder of title | an autobiography / |
| Statement of responsibility, etc. | Benazir Bhutto. |
| 250 ## - EDITION STATEMENT | |
| Edition statement | 1st ed. |
| 260 ## - PUBLICATION, DISTRIBUTION, ETC. (IMPRINT) | |
| Place of publication, distribution, etc. | London : |
| Name of publisher, distributor, etc. | Simon & Schuster, |
| Date of publication, distribution, etc. | 2007. |
| 300 ## - PHYSICAL DESCRIPTION | |
| Extent | xx, 442 p. |
| 600 10 - SUBJECT ADDED ENTRY--PERSONAL NAME | |
| Personal name | Bhutto, Benazir. |
| -- | 0000052056 |
| 651 #0 - SUBJECT ADDED ENTRY--GEOGRAPHIC NAME | |
| Geographic name | Pakistan |
| General subdivision | Politics and government |
| Chronological subdivision | 1971 - 1988. |
| -- | 0000169647 |
| 852 1# - LOCATION | |
| -- | p1420 KES |
| 908 ## - PUT COMMAND PARAMETER (RLIN) | |
| Put command parameter | 090317 |
| 950 ## - LOCAL HOLDINGS (RLIN) | |
| -- | 1 |
| Withdrawn status | Lost status | Source of classification or shelving scheme | Damaged status | Not for loan | Home library | Current library | Date acquired | Total Checkouts | Full call number | Barcode | Date last seen | Date last checked out | Price effective from | Koha item type |
|---|---|---|---|---|---|---|---|---|---|---|---|---|---|---|
| Library of Congress Classification | Kabarak, Main Campus | Kabarak, Main Campus | 17/12/2015 | 5 | DS385 .B48A3 2007 c. 1 | 17174 | 29/05/2019 | 14/05/2019 | 17/12/2015 | General Collection | ||||
| Lost | Library of Congress Classification | Kabarak, Nakuru City Campus | Kabarak, Nakuru City Campus | 21/10/2015 | 1 | DS385 .B48A3 2007 c. 1 | 17175 | 25/01/2016 | 25/01/2016 | 21/10/2015 | General Collection |